Welcome to the Holygrace Academy Library

Please use search bar below to get started

NANCY DREW DIARIES - THE CLUE AT BLACK CREEK FARM (Record no. 7876)

MARC details
000 -LEADER
fixed length control field 00656nam a22001457a 4500
020 ## - INTERNATIONAL STANDARD BOOK NUMBER
ISBN 978-1-4814-2939-9
082 ## - DEWEY DECIMAL CLASSIFICATION NUMBER
Classification number 823
Item number KEE/N
100 ## - MAIN ENTRY--AUTHOR NAME
Personal name KEENE, CAROLYN
245 ## - TITLE STATEMENT
Title NANCY DREW DIARIES - THE CLUE AT BLACK CREEK FARM
260 ## - PUBLICATION, DISTRIBUTION, ETC. (IMPRINT)
Place of publication NEW YORK
Name of publisher ALADDIN PAPERBACKS
Year of publication 2015
300 ## - PHYSICAL DESCRIPTION
Number of Pages 171
520 ## - SUMMARY, ETC.
Summary, etc Buyers get local produce at a reasonable price; the farmers get money to run their farm. Everybody wins! But during a fundraising dinner showcasing the farm's produce, several people become seriously ill, and tests reveal that the fruits and vegetables are contaminated with deadly E. coli bacteria.
650 ## - SUBJECT ADDED ENTRY--TOPICAL TERM
Topical Term MYSTERY
Geographic subdivision UNITED STATES
942 ## - ADDED ENTRY ELEMENTS (KOHA)
Koha item type Books
Holdings
Withdrawn status Lost status Collection code Home library Current library Shelving location Date acquired Source of acquisition Cost, normal purchase price Full call number Accession Number Koha item type
    Fiction Main Library Main Library NEW SHELF WITH NEW ENTRY 20/11/2023 purchase 250.00 823 KEE/N 13484 Books